Be safe at home

Bibliographic Details
Main Author: Sanders, Pete
Format: Book
Published: London : Gloucester Press , 1989
Subjects:

MARC

LEADER 00000cam a2200000 7i4500
001 0000004203
002 000004520
005 20000330.0
020 |a 0863137873 
090 0 0 |a J 363.13   |b SAN 
100 1 |a Sanders, Pete 
245 1 0 |a Be safe at home   |c Pete Sanders 
260 |a London :   |b Gloucester Press ,   |c 1989 
300 |a 32p. ;   |c 29cm. 
650 0 0 |a Home safety   |x Juvenile literature 
999 |a 037336   |b BUKU   |c PINJAMAN   |e PERPUSTAKAAN KOMUNITI PETALING JAYA